00573 2200181 4500001002100000005001500021035002000036008004100056245011900097100001800216260003100234300002500265084002100290082001100311650002700322020002200349990002000371INLIS00000000000146920241012103536 a0010-1024000280241012 0 ind 1 aAsas Negara Hukum, Peraturan Kebijakan :bDan Asas-Asas Umum Pemerintahan Yang Baik /cDr. Hotma P Sibuea, SH., MH aSibuea, Hotma aJakarta :bErlangga,c2010 a175 hlm. ;c22x15 cm a341.48 SIB A C.1 a341.48 4aHak Asasi Manusia, HAM a978-979-075-954-1 a200511200002666